000 06474namaa22004211i 4500
003 OSt
005 20260426091824.0
008 250827s2024 ua a|||frm||| 000 0 eng d
040 _aEG-GICUC
_bara
_cEG-GICUC
_dEG-GICUC
_erda
041 0 _aara
_bara
_beng
049 _aإيداع
082 0 4 _a371.94
092 _a371.94
_221
097 _aدكتوراه‎
099 _aCai01.23.07.Ph.D.2024.مر.ف
100 0 _a،مروة شعبان عبد الحكيم محمود
_eإعداد.
245 1 0 _aفعالية برنامج قائم على نموذج دنفر لتنمية بعض المهارات المعرفية في خفض بعض السلوكيات التكرارية لدى الأطفال ذوي اضطراب التوحد /
_cإعداد مروة شعبان عبد الحكيم محمود؛ إشراف أ.د/ إيهاب عبدالعزيز الببلاوي، أ.د/ زينب علي محمد علي.
246 1 5 _aThe effectiveness of a program based on the denver model for the development of certain cognitive skills in reducing some repetitive behaviors among children with autism disorder /
264 0 _c2024.
300 _a151 صفحة :
_bإيضاحيات ؛
_c25 سم. +
_eCD.
336 _atext
_2rda content
337 _aUnmediated
_2rdamedia
338 _avolume
_2rdacarrier
502 _aأطروحة (دكتوراه)-جامعة القاهرة، 2024.
504 _aببليوجرافيا: صفحات 135-151.
520 _aهدفت الدراسة الحالية إلى التحقق من فعالية برنامج قائم على نموذج دنفر لتنمية بعض المهارات المعرفيَّة في خفض بعض السُّلوكيات التكراريَّة لدى الأطفال ذوي اضطراب التوحُّد، التحقق من استمرارية فعالية البرنامج لتنمية بعض المهارات المعرفيَّة وخفض بعض السُّلوكيات التكراريَّة للأطفال ذوي اضطراب التوحُّد، تكونت العينة من (10) أطفال ذوي اضطراب التوحُّد البسيط، ممن تتراوح أعمارهم ما بين (3: 5) سنوات بمتوسط عمري (4.11) عام، وانحراف معياري (0.61)، تم تقسيمهم إلى مجموعتين بالتساوي، احدهما تجريبية والأخرى ضابطة، وقد استخدمت الدراسة مقياس جيليام لتشخيص اضطراب التوحُّد - الاصدار الثالث (تعريب: إيهاب الببلاوي، أيمن سالم، محمد الخطاوي، 2022)، ومقياس المهارات المعرفيَّة ومقياس السُّلوكيات التكراريَّة للأطفال ذوي اضطراب التوحُّد (إعداد الباحثة)، وأسفرت نتائج الدراسة عن وجود فروق ذات دلالة إحصائية بين متوسطي رتب درجات أطفال المجموعتين التجريبية والضابطة على مقياس المهارات المعرفيَّة ومقياس السُّلوكيات التكراريَّة في القياس البعدي لصالح المجموعة التجريبية، توجد فروق ذات دلالة إحصائية بين متوسطي رتب درجات أطفال المجموعة التجريبية على مقياس المهارات المعرفيَّة ومقياس السُّلوكيات التكراريَّة في القياسين القبلي والبعدي لصالح القياس البعدي، لا توجد فروق ذات دلالة إحصائية بين متوسطي رتب درجات أطفال المجموعة التجريبية على مقياس المهارات المعرفيَّة ومقياس السُّلوكيات التكراريَّة في القياسين القياسين البعدي والتتبعي.
520 _aThe current study aimed to verify the effectiveness of a program based on the Denver model to develop some cognitive skills in reducing some repetitive behaviors in children with autism disorder, and to verify the continuity of the effectiveness of the program to develop some cognitive skills and reduce some repetitive behaviors in children with autism disorder. The study sample consisted of (10) children with autism spectrum disorder, aged between (3:5) years, with an average age of (4.11) years, and a standard deviation of (0.61) for two groups, one experimental and the other control.The study used the Gilliam scale for diagnosing autism disorder - third edition (Arabization: Ihab El-Beblawi, Ayman Salem, Muhammad Al-Khatawi, 2022), and the Cognitive Skills Scale and the Repetitive Behavior Scale for Children with Autism Disorder (prepared by the researcher). The results of the study showed that there were statistically significant differences between the average ranks of the scores of the children of the experimental and control groups on the cognitive skills scale and the repetitive behaviors scale in the post-measurement in favor of the experimental group. There were statistically significant differences between the average ranks of the scores of the children of the experimental group on the cognitive skills scale and the repetitive behaviors scale in the pre- and post-measurement in favor of the post-measurement. There were no statistically significant differences between the average ranks of the scores of the children of the experimental group on the cognitive skills scale and the repetitive behaviors scale in the post- measurement and follow-up measurement.
530 _aصدر أيضًا كقرص مدمج.
546 _aالنص بالعربية والملخص باللغة الإنجليزية والعربية.
650 7 _a‪التوحد عند الأطفال
_2qrmak
653 0 _aاضطراب التوحُّد
_aنموذج دنفر
_aالمهارات المعرفيَّة
700 0 _aإيهاب عبدالعزيز الببلاوي
_eمشرف أطروحة.
700 0 _aزينب علي محمد علي
_eمشرف أطروحة.
900 _b30-11-2024
_cإيهاب عبدالعزيز الببلاوي
_cزينب علي محمد علي
_dأشرف محمد عبد الحميد
_dأيمن سالم عبدالله
_Uجامعة القاهرة
_Fكلية الدراسات العليا للتربية
_Dقسم التربية الخاصة
905 _aSara
942 _2ddc
_cTH
_e21
_n0
999 _c179710